Stochastic models in operations research

Αποθηκεύτηκε σε:
Λεπτομέρειες βιβλιογραφικής εγγραφής
Κύριος συγγραφέας: Heyman, Daniel P.
Μορφή: Βιβλίο
Γλώσσα:English
Δημοσίευση: Mineola, NY : Dover Publications, 2004
Θέματα:
Ετικέτες: Προσθήκη ετικέτας
Δεν υπάρχουν, Καταχωρήστε ετικέτα πρώτοι!

MARC

LEADER 00000nam a2200000 i 4500
001 1/30245
008 130527s2004 eng d
020 |a 0-486-43259-9 
035 |l 10114524 
040 |a GR-MY-UA  |b gre  |e aacr 
041 0 |a eng 
082 0 |a 003  |2 (22) 
100 1 |a Heyman, Daniel P. 
245 1 0 |a Stochastic models in operations research /  |c Daniel P. Heyman, Matthew J. Sobel 
260 |a Mineola, NY :   |b Dover Publications,   |c 2004 
300 |a xii, 547 σ.;  |b εικ.;  |c 24 εκ. 
504 |a Περιέχει βιβλιογραφικές αναφορές και ευρετήρια 
505 0 |a Τ.1. Stochastic processes and operating research 
650 0 0 |a Operations research. 
650 0 0 |a Stochastic processes. 
650 0 0 |a Stochastic programming. 
740 0 2 |a Stochastic processes and operating research 
852 |a INST  |b SAMOS  |e 20130527  |h 003 HEY  |p 005300040100  |q 005300040100  |t BK  |y 0 
901 |a BIBL3-2013-2 
909 |a Σ  |b 178309 
922 |a 3ΕΛΗ  |b 201212  |c ΤΜΗΜΑ ΜΑΘΗΜΑΤΙΚΩΝ/ΜΕΤΑΠΤΥΧΙΑΚΟ  |d ΔΙΑΔΡΟΜΕΣ/ΔΡΕΣ 
970 |a ΚΟΣΙΕΡΗΣ  |b ΧΡΗΣΤΟΣ  |z 2013/05/27